000 00940cab a2200181 4500
001 ##L132585
008 060220n2006 000 0 eng u
035 _a(Sirsi) u132582
041 0 _aeng
100 1 _aRoberts, Gwyn
245 0 2 _aA new domesday book
260 _c2006
490 0 _aProperty Week
_v71(7) 17 February 2006, 48-50(3)
520 _aA government taskforce is set to draw up a list of surplus public sector land to sell off for private residential development. Those behind the scheme argue that the process will increase the availability of housing land. However, housebuilders are suspicious of these government initiatives, claiming that identified land, stuck in a slow moving pipeline, will never be released, and that a refreshed register will not guarantee a larger housing supply.
590 _aIKA280206
690 _aENVIRONMENTAL AND LAND CONSULTANCY-PLANNING AND DEVELOPMENT-PLANNING REFORM
942 _n0
999 _c76505
_d76505